How free is the radio spectrum? guest editors: Erik Bohlin, Brigitte Preissel and Arnd Weber.

Bibliographic Details
Corporate Author: ProQuest (Firm)
Other Authors: Bohlin, Erik., Preissel, Brigitte., Weber, Arnd.
Format: Electronic eBook
Language:English
Published: Bradford, England : Emerald Group Publishing, c2006.
Series:info, the journal of policy, regulation and strategy for telecommunications, information and media ; 8, no. 2
Subjects:
Online Access:Click to View
LEADER 01342nam a2200349Ia 4500
001 EBC258134
003 MiAaPQ
005 20200520144314.0
006 m o d |
007 cr cn|||||||||
008 000815s2006 enk s 000 0 eng d
020 |z 1845449509 
035 |a (MiAaPQ)EBC258134 
035 |a (Au-PeEL)EBL258134 
035 |a (CaPaEBR)ebr10146677 
035 |a (CaONFJC)MIL70568 
035 |a (OCoLC)182530471 
040 |a MiAaPQ  |c MiAaPQ  |d MiAaPQ 
050 4 |a HE8694  |b .H69 2006 
245 0 0 |a How free is the radio spectrum?  |h [electronic resource] :  |b guest editors: Erik Bohlin, Brigitte Preissel and Arnd Weber. 
260 |a Bradford, England :  |b Emerald Group Publishing,  |c c2006. 
300 |a 97 p. 
490 0 |a info, the journal of policy, regulation and strategy for telecommunications, information and media ;  |v 8, no. 2 
533 |a Electronic reproduction. Ann Arbor, MI : ProQuest, 2015. Available via World Wide Web. Access may be limited to ProQuest affiliated libraries. 
650 0 |a Radio broadcasting. 
650 0 |a Radio frequency allocation. 
655 4 |a Electronic books. 
700 1 |a Bohlin, Erik. 
700 1 |a Preissel, Brigitte. 
700 1 |a Weber, Arnd. 
710 2 |a ProQuest (Firm) 
856 4 0 |u https://ebookcentral.proquest.com/lib/matrademy/detail.action?docID=258134  |z Click to View